00542nam a22001697a 450000500170000000800410001702000220005804100080008008200320008810000140012024500710013425000080020526000410021330000220025436500250027652100710030120240527135146.0240527b |||||||| |||| 00| 0 eng d a978-81-910464-2-7 aeng 28thaPB 610 CLE B10997bCLE aClement I aNursing P. B. B. Sc. Solved Question Papers 2nd Year: 2008 To 2024 a8th aBangalorebEMMESS Medical Pub.c2024 a668pbPbc27X21cm aRupayeb1475.00cINR a2nd Year Nursing P. B. B. Sc. Solved Question Papers By I Clement